[Event "DEM U12/U12w 2004"]
[Site "Willingen GER"]
[Date "2004.05.31"]
[Round "3"]
[White "Schäfer, Alexander"]
[Black "Huschenbeth, Niclas"]
[Result "0-1"]
[Termination "normal"]
[Board "1"]
[WhiteElo "1701"]
[BlackElo "2100"]
[PlyCount "82"]
[WhiteFideId "24615196"]
[BlackFideId "24604747"]
[EventCountry "GER"]
[EventRounds "11"]
[EventType "swiss"]
[EventDate "2004.05.29"]

1. e4 c5 2. Nf3 d6 3. d4 cxd4 4. Nxd4 Nf6 5. Nc3 Nc6 6. Bg5 e6 7. Qd2 a6 8.
O-O-O h6 9. Bh4 Nxe4 10. Nxe4 Qxh4 11. f3 d5 12. Nxc6 bxc6 13. Qc3 Bd7 14. g3
Qe7 15. Nf2 Qc5 16. Qxc5 Bxc5 17. Nd3 Bd6 18. f4 f6 19. Bg2 O-O 20. Rhe1 Rae8
21. c4 g6 22. Bh3 Rf7 23. cxd5 cxd5 24. Re2 Rfe7 25. Rde1 Kf7 26. Bg2 Bc6 27.
Rc2 Rc7 28. Kd2 Rec8 29. Rec1 Bb5 30. Rxc7+ Rxc7 31. Rxc7+ Bxc7 32. a3 Ke7 33.
b4 Kd6 34. Nc5 Bb6 35. a4 Bc4 36. Nd3 e5 37. Nb2 Ba2 38. Bf1 a5 39. b5 e4 40.
Kc2 Bg1 41. Nd1 d4 0-1

[Event "DEM U12/U12w 2004"]
[Site "Willingen GER"]
[Date "2004.05.31"]
[Round "3"]
[White "Mihok, Oliver"]
[Black "Schmitt, Philipp"]
[Result "1-0"]
[Termination "normal"]
[Board "2"]
[WhiteElo "2074"]
[BlackElo "1691"]
[PlyCount "135"]
[WhiteFideId "728012"]
[BlackFideId "24641766"]
[EventCountry "GER"]
[EventRounds "11"]
[EventType "swiss"]
[EventDate "2004.05.29"]

1. e4 e6 2. d4 d5 3. Nc3 Bb4 4. e5 c5 5. a3 Bxc3+ 6. bxc3 Nc6 7. Qg4 g6 8. Nf3
Qa5 9. Bd2 Qa4 10. Ra2 Nge7 11. Bd3 b6 12. O-O Ba6 13. Bxa6 Qxa6 14. Bg5 Qc4
15. Raa1 Qxc3 16. Bf6 Rf8 17. dxc5 Qxc5 18. Ng5 h6 19. Nh7 Rg8 20. Qh3 h5 21.
Bxe7 Nxe7 22. Nf6+ Kd8 23. Nxg8 Nxg8 24. Qd3 Rc8 25. Rfc1 Ne7 26. Qf3 Nf5 27.
Qf4 Ke8 28. h3 Nd4 29. Qd2 Qc4 30. Kh1 Nf5 31. Qd3 Qc7 32. f4 Qc5 33. a4 Qc4
34. Qxc4 Rxc4 35. a5 b5 36. a6 Rxf4 37. Rab1 b4 38. c3 Ng3+ 39. Kh2 Ne2 40. Rc2
Nxc3 41. Rb3 Kf8 42. Rcb2 Re4 43. Rxb4 Rxe5 44. Rb7 d4 45. Rxa7 Ra5 46. Ra8+
Kg7 47. a7 Nb5 48. Rxb5 Rxb5 49. Rb8 Ra5 50. a8=Q Rxa8 51. Rxa8 e5 52. Kg3 f5
53. Kf3 e4+ 54. Ke2 Kf6 55. h4 f4 56. Rf8+ Ke5 57. Kd2 Kd5 58. Rxf4 Ke5 59. Rf8
Ke6 60. g3 Ke5 61. Rf4 Kd5 62. Rf6 Kc4 63. Rc6+ Kd5 64. Rxg6 d3 65. Ke3 Kc4 66.
Kxe4 Kc3 67. Rd6 d2 68. Ke3 1-0

[Event "DEM U12/U12w 2004"]
[Site "Willingen GER"]
[Date "2004.05.31"]
[Round "3"]
[White "Kordts, Florian"]
[Black "Graf, Felix"]
[Result "0-1"]
[Termination "normal"]
[Board "3"]
[WhiteElo "1669"]
[BlackElo "2056"]
[PlyCount "114"]
[WhiteFideId "24626856"]
[BlackFideId "24608904"]
[EventCountry "GER"]
[EventRounds "11"]
[EventType "swiss"]
[EventDate "2004.05.29"]

1. c4 c6 2. Nc3 Nf6 3. Nf3 d6 4. d4 Nbd7 5. e4 e5 6. dxe5 dxe5 7. a3 a5 8. Bg5
Qc7 9. Qc2 Be7 10. Be2 b6 11. Nd2 Nc5 12. O-O Ne6 13. Be3 O-O 14. Na4 Nd7 15.
Nb3 Ndc5 16. Naxc5 bxc5 17. Rfd1 Nd4 18. Nxd4 cxd4 19. Bd2 f5 20. Bd3 f4 21. f3
c5 22. Rab1 Rb8 23. Qa4 Ra8 24. b4 Bd7 25. b5 Qb6 26. Qc2 Bd8 27. a4 Qf6 28.
Be1 Bb6 29. Qf2 g5 30. Kf1 Kf7 31. Ke2 h5 32. h3 Rh8 33. Bd2 g4 34. hxg4 hxg4
35. Rh1 Rh6 36. Rbg1 g3 37. Qf1 Rh2 38. Kd1 Rah8 39. Be1 Bd8 40. Rxh2 gxh2 41.
Rh1 Qg7 42. Qf2 Bh4 43. Qd2 Bxe1 44. Kxe1 Qg3+ 45. Qf2 Rg8 46. Qxg3 fxg3 47.
Ke2 Kf6 48. Ke1 Kg5 49. Bf1 Kf4 50. Ke2 Bc8 51. Kd3 Be6 52. Kd2 Rg7 53. Be2 d3
54. Bxd3 Rd7 55. Ke2 Bh3 56. Kf1 Rxd3 57. gxh3 Kxf3 0-1

[Event "DEM U12/U12w 2004"]
[Site "Willingen GER"]
[Date "2004.05.31"]
[Round "3"]
[White "Fischer, Thomas"]
[Black "Zelbel, Patrick"]
[Result "1/2-1/2"]
[Termination "normal"]
[Board "4"]
[WhiteElo "2041"]
[BlackElo "1618"]
[PlyCount "46"]
[WhiteFideId "4683277"]
[BlackFideId "24624322"]
[EventCountry "GER"]
[EventRounds "11"]
[EventType "swiss"]
[EventDate "2004.05.29"]

1. Nf3 g6 2. g3 Bg7 3. Bg2 d6 4. O-O e5 5. d3 f5 6. c4 Nd7 7. Nc3 Ne7 8. Ng5
Nf6 9. f4 c6 10. e3 O-O 11. Nf3 Qc7 12. Bd2 Be6 13. Qc2 Nc8 14. b4 Re8 15. b5
e4 16. Ng5 d5 17. Nxe6 Rxe6 18. cxd5 cxd5 19. Rac1 Qd7 20. dxe4 dxe4 21. Rfd1
Rd6 22. Qb3+ Kh8 23. Be1 Nb6 1/2-1/2

[Event "DEM U12/U12w 2004"]
[Site "Willingen GER"]
[Date "2004.05.31"]
[Round "3"]
[White "Tkachuk, Konstantyn"]
[Black "Gadschisade, Machmud"]
[Result "0-1"]
[Termination "normal"]
[Board "5"]
[WhiteElo "1814"]
[BlackElo "1605"]
[PlyCount "86"]
[WhiteFideId "24647330"]
[BlackFideId "4647734"]
[EventCountry "GER"]
[EventRounds "11"]
[EventType "swiss"]
[EventDate "2004.05.29"]

1. e4 c6 2. d4 d5 3. e5 Bf5 4. g4 Bg6 5. h4 h5 6. e6 Qd6 7. exf7+ Bxf7 8. g5
Nd7 9. f4 O-O-O 10. Bd3 e6 11. Nf3 Ne7 12. Ne5 Nxe5 13. fxe5 Qc7 14. O-O Bg6
15. Bxg6 Nxg6 16. Qe1 Ne7 17. c3 Nf5 18. Bf4 c5 19. Be3 Qb6 20. b3 Kb8 21. Qf2
Rc8 22. Nd2 cxd4 23. Bxd4 Bc5 24. Nf3 Rhf8 25. Qd2 Ng3 26. g6 Nxf1 27. Rxf1 Rf5
28. Ng5 Rxf1+ 29. Kxf1 Rf8+ 30. Nf7 Bxd4 31. cxd4 Qc7 32. Ke2 Qc6 33. Kd1 Rc8
34. Nd6 Rc7 35. Nf7 Qc3 36. Ng5 Qg3 37. Qb4 Qd3+ 38. Ke1 Rc1+ 39. Kf2 Rf1+ 40.
Kg2 Qe2+ 41. Kh3 Qg4+ 42. Kh2 Rf2+ 43. Kh1 Qg2# 0-1

[Event "DEM U12/U12w 2004"]
[Site "Willingen GER"]
[Date "2004.05.31"]
[Round "3"]
[White "Orhan, Zilan"]
[Black "Heimann, Andreas"]
[Result "0-1"]
[Termination "normal"]
[Board "6"]
[WhiteElo "1626"]
[BlackElo "1808"]
[PlyCount "70"]
[WhiteFideId "24624640"]
[BlackFideId "24624632"]
[EventCountry "GER"]
[EventRounds "11"]
[EventType "swiss"]
[EventDate "2004.05.29"]

1. e4 e5 2. Nf3 Nc6 3. Bb5 a6 4. Ba4 Nf6 5. O-O Be7 6. Re1 b5 7. Bb3 O-O 8. c3
d5 9. exd5 Nxd5 10. Nxe5 Nxe5 11. Rxe5 c6 12. d3 Bd6 13. Re1 Qh4 14. g3 Qh6 15.
Re4 Qf6 16. Bc2 Qg6 17. Qf3 Bf5 18. Re1 Rae8 19. Bd2 Bg4 20. Qg2 Qh5 21. Be3 f5
22. Nd2 f4 23. gxf4 Bxf4 24. Ne4 Bf3 25. Ng3 Qh4 26. Qxf3 Bxe3 27. Rxe3 Nxe3
28. Bb3+ Kh8 29. Qxc6 Ng4 30. Qg2 Rxf2 31. Qxf2 Nxf2 32. Kxf2 Qxh2+ 33. Kf3
Rf8+ 34. Kg4 g5 35. Kxg5 Qxg3+ 0-1

[Event "DEM U12/U12w 2004"]
[Site "Willingen GER"]
[Date "2004.05.31"]
[Round "3"]
[White "Maier, Maximilian"]
[Black "Hobusch, Alexander"]
[Result "0-1"]
[Termination "normal"]
[Board "8"]
[WhiteElo "1510"]
[BlackElo "1735"]
[PlyCount "136"]
[BlackFideId "24611387"]
[EventCountry "GER"]
[EventRounds "11"]
[EventType "swiss"]
[EventDate "2004.05.29"]

1. d4 e6 2. c4 d5 3. Nc3 Nf6 4. Bg5 Nbd7 5. e3 Be7 6. cxd5 exd5 7. Bd3 c6 8.
Nge2 Nh5 9. Bxe7 Qxe7 10. Qc2 Nb6 11. Bxh7 g6 12. Bxg6 fxg6 13. Qxg6+ Qf7 14.
Qxf7+ Kxf7 15. h3 Bd7 16. g4 Nf6 17. O-O-O Rh4 18. Nf4 Rah8 19. f3 Nc4 20. Rde1
Re8 21. Ng2 Rh7 22. b3 Nd6 23. h4 Rg8 24. g5 Nh5 25. Ne2 Nf5 26. Kd2 Nhg3 27.
Nxg3 Nxg3 28. Rh2 Rxg5 29. Nf4 Rg8 30. Ng2 Nh5 31. Ke2 Rhg7 32. Kf2 Rg3 33. Rf1
Bh3 34. Rg1 Rxg2+ 35. Rgxg2 Rxg2+ 36. Rxg2 Bxg2 37. Kxg2 Kf6 38. Kh3 Kf5 39. a4
a5 40. Kg2 b6 41. Kf2 c5 42. dxc5 bxc5 43. Ke2 Nf6 44. Kd3 Kg6 45. Ke2 Kh5 46.
Kf2 Kxh4 47. Kg2 Kg5 48. Kf2 d4 49. exd4 cxd4 50. Ke2 Kf4 51. Kd3 Ke5 52. Kc4
Nd5 53. f4+ Ke4 54. f5 d3 55. b4 d2 56. f6 Nxf6 57. b5 d1=Q 58. Kc5 Qxa4 59.
Kb6 Qc4 60. Kxa5 Nd7 61. Ka6 Qa4+ 62. Kb7 Qxb5+ 63. Kc7 Qb6+ 64. Kxd7 Kd5 65.
Ke7 Qe6+ 66. Kd8 Qf7 67. Kc8 Kc6 68. Kb8 Qb7# 0-1

[Event "DEM U12/U12w 2004"]
[Site "Willingen GER"]
[Date "2004.05.31"]
[Round "3"]
[White "Korman, Maxim"]
[Black "Gröger, Eric"]
[Result "1-0"]
[Termination "normal"]
[Board "9"]
[WhiteElo "1719"]
[BlackElo "1428"]
[PlyCount "61"]
[WhiteFideId "24619787"]
[EventCountry "GER"]
[EventRounds "11"]
[EventType "swiss"]
[EventDate "2004.05.29"]

1. e4 c5 2. Nc3 d6 3. g3 Nc6 4. Bg2 Nf6 5. d3 g6 6. Nge2 Bg7 7. O-O O-O 8. h3
Rb8 9. Be3 b5 10. Qd2 Re8 11. f4 Qc7 12. g4 e6 13. f5 b4 14. Nd1 a5 15. Bh6 Bh8
16. Bg5 Nd7 17. f6 Nde5 18. Be3 Ba6 19. b3 Nd7 20. g5 h6 21. h4 h5 22. Nb2 Nce5
23. Nc4 Ng4 24. Bf4 e5 25. Bg3 Re6 26. Bh3 Ndxf6 27. gxf6 Bxf6 28. Bxg4 hxg4
29. Ne3 Qe7 30. Nxg4 Bxh4 31. Nh6+ 1-0

[Event "DEM U12/U12w 2004"]
[Site "Willingen GER"]
[Date "2004.05.31"]
[Round "3"]
[White "Kachibadze, Georg"]
[Black "Giesler, Julius"]
[Result "1-0"]
[Termination "normal"]
[Board "10"]
[WhiteElo "1865"]
[BlackElo "1394"]
[PlyCount "126"]
[WhiteFideId "24640794"]
[EventCountry "GER"]
[EventRounds "11"]
[EventType "swiss"]
[EventDate "2004.05.29"]

1. e4 e5 2. Nf3 Nf6 3. Nc3 Bb4 4. Bc4 O-O 5. d3 d6 6. Bg5 Be6 7. Bb3 Nbd7 8.
O-O c6 9. Bd2 Nc5 10. Re1 Nxb3 11. axb3 Bg4 12. h3 Bh5 13. g4 Nxg4 14. hxg4
Bxg4 15. Re3 Qf6 16. Nb1 Bc5 17. d4 Bxd4 18. Rd3 Bxf3 19. Qxf3 Qxf3 20. Rxf3
Bxb2 21. Ra2 Bd4 22. Bb4 Rfd8 23. c3 Bc5 24. Bxc5 dxc5 25. Rd2 b5 26. Rfd3 Rxd3
27. Rxd3 a5 28. Rd6 Rc8 29. Rd7 Kf8 30. Kf1 Ra8 31. Rc7 Ra6 32. Ke2 g6 33. Rd7
a4 34. bxa4 Rxa4 35. Nd2 Kg7 36. Rd6 Ra3 37. c4 bxc4 38. Nxc4 Ra4 39. Kd3 f5
40. exf5 gxf5 41. Nxe5 Rd4+ 42. Rxd4 cxd4 43. Nxc6 h5 44. Nxd4 Kg6 45. Nf3 h4
46. Nxh4+ Kg5 47. Ng2 f4 48. Ke4 Kg4 49. Nxf4 Kg5 50. Nd5 Kg6 51. f4 Kf7 52.
Kf5 Kf8 53. Kf6 Kg8 54. Ne7+ Kf8 55. f5 Ke8 56. Kg7 Kxe7 57. f6+ Ke6 58. f7 Kd5
59. f8=Q Ke5 60. Qb4 Kd5 61. Kf6 Kc6 62. Ke6 Kc7 63. Qd6+ Kb7 1-0

[Event "DEM U12/U12w 2004"]
[Site "Willingen GER"]
[Date "2004.05.31"]
[Round "3"]
[White "Raykhman, Alexsander"]
[Black "Schrödter, Thomas"]
[Result "1/2-1/2"]
[Termination "normal"]
[Board "11"]
[WhiteElo "1609"]
[BlackElo "1827"]
[PlyCount "92"]
[EventCountry "GER"]
[EventRounds "11"]
[EventType "swiss"]
[EventDate "2004.05.29"]

1. d4 Nf6 2. c4 e6 3. Nc3 Bb4 4. e3 b6 5. Bd3 Bb7 6. f3 c5 7. a3 cxd4 8. exd4
Bxc3+ 9. bxc3 O-O 10. Ne2 d6 11. O-O Nbd7 12. Be3 Rc8 13. Qa4 Qc7 14. Rfc1 Rfd8
15. Rab1 Ba8 16. Ng3 d5 17. cxd5 Nxd5 18. Bd2 Bc6 19. Qc2 h6 20. Ne4 N5f6 21.
Ba6 Nxe4 22. fxe4 Bb7 23. Bd3 Nf8 24. Qd1 e5 25. d5 Rd6 26. Be1 f5 27. exf5
Bxd5 28. Qe2 Qc6 29. Bb5 Bc4 30. Bxc4+ Qxc4 31. Qxe5 Rd5 32. Qg3 Rxf5 33. Bf2
Rg5 34. Qf3 Ne6 35. Rb4 Qd5 36. Qxd5 Rxd5 37. Re1 Kf7 38. Bd4 Nxd4 39. cxd4
Rcd8 40. Rc1 Rxd4 41. Rxd4 Rxd4 42. Rc7+ Kf6 43. Rxa7 Rd6 44. Kf2 g5 45. a4 Ke5
46. Ke3 Kd5 1/2-1/2

[Event "DEM U12/U12w 2004"]
[Site "Willingen GER"]
[Date "2004.05.31"]
[Round "3"]
[White "Jorczik, Julian"]
[Black "Billing, Alexander"]
[Result "1-0"]
[Termination "normal"]
[Board "12"]
[WhiteElo "1792"]
[BlackElo "1533"]
[PlyCount "87"]
[WhiteFideId "24611719"]
[BlackFideId "24624420"]
[EventCountry "GER"]
[EventRounds "11"]
[EventType "swiss"]
[EventDate "2004.05.29"]

1. d4 d5 2. c4 e6 3. Nc3 Nf6 4. Bg5 Be7 5. e3 h6 6. Bh4 O-O 7. Bd3 b6 8. cxd5
exd5 9. Nge2 Bb7 10. Rc1 Nbd7 11. O-O Ne4 12. Bxe7 Qxe7 13. Nxe4 dxe4 14. Bb5
Rac8 15. Qa4 Nf6 16. Qxa7 Bd5 17. a3 Ne8 18. Nf4 Qd6 19. Nxd5 Qxd5 20. Bxe8
Rfxe8 21. Rxc7 Qb3 22. Rxc8 Rxc8 23. Qb7 Re8 24. Qc6 Re6 25. Qc3 Qd5 26. Rc1
Rg6 27. Qc8+ Kh7 28. Qc4 Qh5 29. d5 f5 30. Qd4 Qf3 31. g3 h5 32. Qd1 Rd6 33.
Qxf3 exf3 34. Rd1 Kg6 35. Kf1 Kf6 36. Ke1 Ke5 37. Rd4 g5 38. Kd2 f4 39. gxf4+
gxf4 40. Rxf4 Rxd5+ 41. Kc2 Rc5+ 42. Kb3 Rb5+ 43. Kc2 Rc5+ 44. Kb1 1-0

[Event "DEM U12/U12w 2004"]
[Site "Willingen GER"]
[Date "2004.05.31"]
[Round "3"]
[White "Hirneise, Jens"]
[Black "Völsgen, Georg"]
[Result "1/2-1/2"]
[Termination "normal"]
[Board "13"]
[WhiteElo "1757"]
[BlackElo "1456"]
[PlyCount "62"]
[WhiteFideId "24614734"]
[BlackFideId "24635901"]
[EventCountry "GER"]
[EventRounds "11"]
[EventType "swiss"]
[EventDate "2004.05.29"]

1. e4 e5 2. Nf3 Nc6 3. d4 exd4 4. Nxd4 Bc5 5. Be3 Qf6 6. c3 Nge7 7. Bc4 O-O 8.
O-O Bb6 9. Nc2 Ne5 10. Be2 d6 11. Bxb6 axb6 12. Ne3 N5g6 13. Na3 Nf4 14. Nb5 c6
15. Nd4 Qg6 16. f3 Qg5 17. Kh1 Nh5 18. Nc4 Ng6 19. Nf5 Bxf5 20. exf5 Ngf4 21.
Rf2 Nxe2 22. Qxe2 Qd8 23. Qd2 d5 24. Ne3 Nf6 25. g4 h6 26. h4 Nh7 27. Rh2 f6
28. c4 d4 29. Nc2 c5 30. b4 Re8 31. bxc5 bxc5 1/2-1/2

[Event "DEM U12/U12w 2004"]
[Site "Willingen GER"]
[Date "2004.05.31"]
[Round "3"]
[White "Mazarov, Jürgen"]
[Black "Specht, Christian"]
[Result "1-0"]
[Termination "normal"]
[Board "14"]
[WhiteElo "1743"]
[BlackElo "1471"]
[PlyCount "149"]
[WhiteFideId "24617768"]
[BlackFideId "24647985"]
[EventCountry "GER"]
[EventRounds "11"]
[EventType "swiss"]
[EventDate "2004.05.29"]

1. e4 c5 2. Nf3 Nc6 3. Bb5 g6 4. d3 Bg7 5. Bxc6 dxc6 6. h3 e5 7. Nc3 Ne7 8. Be3
b6 9. Qd2 O-O 10. O-O-O a5 11. g4 Ba6 12. h4 Qd6 13. Bh6 Qf6 14. Bxg7 Kxg7 15.
Rh3 Rfd8 16. h5 Rh8 17. Rdh1 b5 18. Ng5 h6 19. Nf3 g5 20. Qe3 Qf4 21. Kb1 Qxe3
22. fxe3 f6 23. Ne2 b4 24. Ng3 Rad8 25. Rd1 Rd7 26. Rh2 Rhd8 27. Rf2 a4 28.
Rfd2 b3 29. axb3 axb3 30. d4 bxc2+ 31. Kxc2 cxd4 32. exd4 exd4 33. Nxd4 Kh7 34.
Ndf5 Rxd2+ 35. Rxd2 Rxd2+ 36. Kxd2 Nxf5 37. Nxf5 c5 38. Kc3 Be2 39. Ne3 Kg7 40.
Nf5+ Kh7 41. Ne3 Kg7 42. Kd2 Ba6 43. Nf5+ Kh7 44. Ke3 Bb5 45. Nd6 Ba6 46. Ne8
Bc8 47. Kf3 f5 48. exf5 Bb7+ 49. Ke3 Kg8 50. Nd6 Bd5 51. Ne4 Bb3 52. Nxc5 Bd1
53. Ne4 Kf7 54. Nf2 Bc2 55. Kd4 Bb3 56. Kc3 Ba4 57. b4 Ke7 58. Kd4 Kd6 59. Ne4+
Ke7 60. Kc5 Bd1 61. Nf2 Bf3 62. b5 Kd7 63. Kb6 Kd6 64. Ka7 Kc7 65. b6+ Kc8 66.
f6 Bd5 67. f7 Bxf7 68. b7+ Kd7 69. b8=Q Ke7 70. Qc7+ Kf6 71. Qd6+ Kg7 72. Ne4
Bxh5 73. Qf6+ Kg8 74. gxh5 g4 75. Qe7 1-0

[Event "DEM U12/U12w 2004"]
[Site "Willingen GER"]
[Date "2004.05.31"]
[Round "3"]
[White "Dzodziev, Daniel"]
[Black "Jussupow, Alexander"]
[Result "0-1"]
[Termination "normal"]
[Board "15"]
[WhiteElo "1544"]
[BlackElo "1715"]
[PlyCount "38"]
[BlackFideId "24613509"]
[EventCountry "GER"]
[EventRounds "11"]
[EventType "swiss"]
[EventDate "2004.05.29"]

1. e4 e5 2. Nf3 Nf6 3. Nc3 Bb4 4. Bc4 O-O 5. d3 d6 6. Bg5 h6 7. Be3 Nc6 8. Qd2
Be6 9. Bb3 d5 10. exd5 Nxd5 11. O-O-O a5 12. Bxd5 Bxd5 13. Kb1 Qd6 14. a3 Ra6
15. axb4 axb4 16. Ne4 Rfa8 17. c4 b3 18. Qa5 Rxa5 19. Kc1 Bxe4 0-1

[Event "DEM U12/U12w 2004"]
[Site "Willingen GER"]
[Date "2004.05.31"]
[Round "3"]
[White "Huhnstock, Rico"]
[Black "Endress, Anna"]
[Result "0-1"]
[Termination "normal"]
[Board "16"]
[WhiteElo "1449"]
[BlackElo "1755"]
[PlyCount "82"]
[WhiteFideId "24642932"]
[BlackFideId "24629472"]
[EventCountry "GER"]
[EventRounds "11"]
[EventType "swiss"]
[EventDate "2004.05.29"]

1. e4 c5 2. Nf3 e6 3. d4 cxd4 4. Nxd4 a6 5. Nc3 Qc7 6. Bd3 Nf6 7. O-O Be7 8.
Be3 Nc6 9. Nb3 d6 10. a3 b5 11. Re1 Bb7 12. Bf4 O-O 13. Bg3 Rfd8 14. h3 Qb6 15.
Kh1 b4 16. axb4 Nxb4 17. Bf1 Rac8 18. Qe2 Bc6 19. Rac1 Rb8 20. Qe3 Qc7 21. Kg1
Nh5 22. Bh2 h6 23. Be2 Nf6 24. Bf3 a5 25. e5 Nfd5 26. Nxd5 Nxd5 27. Qe2 a4 28.
Nd4 Rxb2 29. Qc4 Rb6 30. Bxd5 exd5 31. Qc3 Rc8 32. Qg3 dxe5 33. Qxe5 Qxe5 34.
Bxe5 Bc5 35. Nf5 f6 36. Bf4 Re8 37. Rxe8+ Bxe8 38. Kf1 Bg6 39. Ng3 Rb2 40. c3
Rxf2+ 41. Ke1 Rxf4 0-1

[Event "DEM U12/U12w 2004"]
[Site "Willingen GER"]
[Date "2004.05.31"]
[Round "3"]
[White "Sancar, Kenan"]
[Black "Strunski, Andreas"]
[Result "1/2-1/2"]
[Termination "normal"]
[Board "17"]
[WhiteElo "1367"]
[BlackElo "1942"]
[PlyCount "191"]
[WhiteFideId "24647543"]
[BlackFideId "24606073"]
[EventCountry "GER"]
[EventRounds "11"]
[EventType "swiss"]
[EventDate "2004.05.29"]

1. e4 c5 2. Nf3 e6 3. d4 cxd4 4. Nxd4 Nf6 5. Nc3 d6 6. Bd3 Be7 7. O-O Nc6 8.
Be3 O-O 9. f4 Qc7 10. Be2 Nxd4 11. Bxd4 e5 12. fxe5 dxe5 13. Be3 Rd8 14. Qc1 a6
15. Bg5 b5 16. Bxf6 Bxf6 17. Nd5 Qc5+ 18. Kh1 Be7 19. Nxe7+ Qxe7 20. Qe3 Be6
21. b3 Rac8 22. Bd3 Rd4 23. Qg3 f6 24. Rf2 Rc3 25. Raf1 Kh8 26. Qh4 Bf7 27. Rf3
Bg6 28. Rg3 Qe8 29. Qh3 Rc7 30. Re3 Kg8 31. Qg3 Qc6 32. Rfe1 Rf7 33. h3 Rf8 34.
Kg1 Qc5 35. Kh2 Kh8 36. Qf3 Be8 37. Qf5 Rd8 38. Rg3 Bd7 39. Qf3 Qe7 40. Rf1 Be6
41. Rd1 Bd7 42. Be2 Bc6 43. Bd3 f5 44. Qh5 fxe4 45. Be2 Rxd1 46. Bxd1 Be8 47.
Qe2 Bg6 48. c3 Qc5 49. Qe1 Qf2 50. Qxf2 Rxf2 51. a4 Rd2 52. Bg4 Rd3 53. Be2 Rd2
54. Bg4 Rb2 55. Be6 bxa4 56. bxa4 Rb6 57. Bd5 Rd6 58. c4 Bf5 59. Rc3 h5 60. Bb7
Rd3 61. Rc1 e3 62. Bf3 Rd2 63. Re1 Rd3 64. Bxh5 Rc3 65. Be8 Kg8 66. Kg1 g6 67.
a5 Kf8 68. Ba4 Rxc4 69. Bb3 Rc3 70. Bd5 Bd7 71. Bf3 Ke7 72. Kf1 Bb5+ 73. Kg1
Kd6 74. h4 Kc5 75. h5 gxh5 76. Bxh5 Kd4 77. g4 e2 78. g5 Ke3 79. g6 Rc2 80. g7
Bc4 81. Bg6 Rd2 82. Bh5 Rd1 83. Rxd1 exd1=Q+ 84. Bxd1 e4 85. Bc2 Kf3 86. Bd1+
Kg3 87. g8=Q+ Bxg8 88. Be2 e3 89. Bxa6 Kf4 90. Kf1 Ke4 91. Ke2 Be6 92. Bb7+ Kd4
93. a6 Bc4+ 94. Ke1 Bxa6 95. Bxa6 e2 96. Kxe2 1/2-1/2

[Event "DEM U12/U12w 2004"]
[Site "Willingen GER"]
[Date "2004.05.31"]
[Round "3"]
[White "Smolkina, Milana"]
[Black "Mertens, Pauline"]
[Result "1-0"]
[Termination "normal"]
[Board "18"]
[WhiteElo "1678"]
[BlackElo "1375"]
[PlyCount "139"]
[WhiteFideId "24618780"]
[BlackFideId "24671959"]
[EventCountry "GER"]
[EventRounds "11"]
[EventType "swiss"]
[EventDate "2004.05.29"]

1. e4 c5 2. Nf3 a6 3. c4 Nc6 4. d4 cxd4 5. Nxd4 Nf6 6. Nc3 e6 7. Nxc6 dxc6 8.
Qxd8+ Kxd8 9. Bg5 Be7 10. O-O-O+ Bd7 11. Be2 h6 12. Bf4 Bb4 13. Be5 Bxc3 14.
Bxc3 Nxe4 15. Bxg7 Rg8 16. Bd4 Ke7 17. Bd3 Nf6 18. Bxf6+ Kxf6 19. Bh7 Rgd8 20.
Rd3 Ke7 21. Rhd1 b5 22. c5 e5 23. Rd6 f6 24. Be4 Rac8 25. b4 Be8 26. Rxd8 Rxd8
27. Rxd8 Kxd8 28. h3 Ke7 29. Kd2 Ke6 30. g4 Bd7 31. Ke3 Be8 32. a3 Kd7 33. Bf5+
Kc7 34. Ke4 Bf7 35. Bh7 Be6 36. Bg6 Bd7 37. f3 Be6 38. Ke3 Bd5 39. Kf2 a5 40.
Be4 Bxe4 41. fxe4 axb4 42. axb4 Kd7 43. Kg3 Ke7 44. Kh4 Kf7 45. Kh5 Kg7 46. h4
Kh7 47. g5 fxg5 48. hxg5 hxg5 49. Kxg5 Kg7 50. Kf5 Kf7 51. Kxe5 Ke7 52. Kf5 Kf7
53. e5 Ke7 54. e6 Ke8 55. e7 Kxe7 56. Ke5 Kd7 57. Kf6 Kd8 58. Ke6 Kc7 59. Ke7
Kc8 60. Kd6 Kb7 61. Kd7 Kb8 62. Kxc6 Ka7 63. Kd7 Kb7 64. c6+ Kb6 65. c7 Ka7 66.
c8=Q Kb6 67. Qc6+ Ka7 68. Qxb5 Ka8 69. Kc7 Ka7 70. Qb7# 1-0

[Event "DEM U12/U12w 2004"]
[Site "Willingen GER"]
[Date "2004.05.31"]
[Round "3"]
[White "Kaphle, Stephan"]
[Black "Wolff, Christoph"]
[Result "0-1"]
[Termination "normal"]
[Board "19"]
[WhiteElo "1597"]
[BlackElo "1374"]
[PlyCount "142"]
[WhiteFideId "24629103"]
[BlackFideId "24659495"]
[EventCountry "GER"]
[EventRounds "11"]
[EventType "swiss"]
[EventDate "2004.05.29"]

1. e4 c5 2. Nf3 d6 3. d4 cxd4 4. Nxd4 Nf6 5. Nc3 a6 6. f3 e5 7. Nb3 Be6 8. Be3
Be7 9. Qd2 O-O 10. Be2 Qc7 11. O-O Rd8 12. Bd3 d5 13. exd5 Nxd5 14. Nxd5 Bxd5
15. Qf2 Nd7 16. Rad1 Be6 17. Rfe1 Bd6 18. Kh1 a5 19. a3 f5 20. Qh4 Nf6 21. Qf2
Nd7 22. Nd2 Nc5 23. Nf1 Rf8 24. Qe2 Rac8 25. Bxc5 Qxc5 26. Nd2 Rf6 27. Nf1 Rh6
28. Qe3 Qc6 29. c3 Rf8 30. Re2 Rff6 31. Qf2 Qc7 32. Bb1 Rfg6 33. g3 Bc5 34. Qg2
Rg5 35. Rde1 f4 36. g4 Bc4 37. Re4 Bd5 38. R4e2 Qc6 39. Be4 Re6 40. Bxd5 Qxd5
41. Rd2 Qc6 42. Re4 Rgg6 43. Qe2 h5 44. h3 hxg4 45. hxg4 Rh6+ 46. Kg2 Qc7 47.
Qd3 Rd6 48. Qc4+ Kh8 49. Rxd6 Qxd6 50. Qe2 Re6 51. Nd2 Ba7 52. Nc4 Qc5 53. Qf1
Qb5 54. Qe2 Qc5 55. Qf1 a4 56. Qh1+ Kg8 57. Qf1 b5 58. Nd2 Qd5 59. Qe2 Be3 60.
Nf1 Bb6 61. Nd2 Qc5 62. Qf1 Rd6 63. Nb1 Rd1 64. Re1 Rd5 65. Re2 Qc4 66. Rd2
Rxd2+ 67. Nxd2 Qd5 68. Qe2 Qc5 69. Qe1 Qe3 70. Kf1 Kf7 71. Qe2 Qg1# 0-1

[Event "DEM U12/U12w 2004"]
[Site "Willingen GER"]
[Date "2004.05.31"]
[Round "3"]
[White "Doberitz, Paul"]
[Black "Simonow, Andrej"]
[Result "1-0"]
[Termination "normal"]
[Board "20"]
[WhiteElo "1576"]
[BlackElo "1370"]
[PlyCount "88"]
[WhiteFideId "24646130"]
[BlackFideId "24637637"]
[EventCountry "GER"]
[EventRounds "11"]
[EventType "swiss"]
[EventDate "2004.05.29"]

1. e4 e6 2. d4 d5 3. Nc3 Nf6 4. Bg5 Be7 5. Bxf6 gxf6 6. Nf3 dxe4 7. Nxe4 f5 8.
Nc3 Nd7 9. Bb5 a6 10. Ba4 b5 11. Bb3 c5 12. a3 c4 13. Ba2 Bb7 14. Qe2 Qc7 15.
Rd1 O-O-O 16. a4 Bb4 17. axb5 axb5 18. Ra1 Rhg8 19. Kf1 Bxc3 20. bxc3 Rg7 21.
Rb1 Bc6 22. Rg1 Rdg8 23. d5 Bxd5 24. Rxb5 Qc6 25. Nd4 Qa8 26. Bb1 Bxg2+ 27. Ke1
Bd5 28. Rxg7 Rxg7 29. Kd2 Rg1 30. Qe3 Qa1 31. Nxf5 Qa3 32. Ke2 exf5 33. Rxd5
Qf8 34. Ba2 Qg8 35. h3 f6 36. Bxc4 Qg6 37. Ba6+ Kd8 38. Qb6+ Ke8 39. Qe6+ Kf8
40. Qxf5 Qe8+ 41. Kd2 Qe1+ 42. Kd3 Qd1+ 43. Ke3 Re1+ 44. Kf4 Qc1+ 1-0

[Event "DEM U12/U12w 2004"]
[Site "Willingen GER"]
[Date "2004.05.31"]
[Round "3"]
[White "Döring, Julia"]
[Black "Dorn, Carina"]
[Result "0-1"]
[Termination "normal"]
[Board "21"]
[WhiteElo "1321"]
[BlackElo "1573"]
[PlyCount "114"]
[BlackFideId "24666335"]
[EventCountry "GER"]
[EventRounds "11"]
[EventType "swiss"]
[EventDate "2004.05.29"]

1. e4 e6 2. d4 d5 3. Nd2 Nf6 4. Bd3 c5 5. e5 Nfd7 6. c3 Nc6 7. Ndf3 Qb6 8. Ne2
cxd4 9. cxd4 f6 10. exf6 Nxf6 11. O-O Bd6 12. a3 O-O 13. Nc3 a6 14. Re1 Bd7 15.
Bg5 Rae8 16. b4 Qc7 17. h3 Rf7 18. Qc2 Kh8 19. Bd2 Rff8 20. Bg5 h6 21. Bd2 e5
22. Bg6 Re7 23. dxe5 Nxe5 24. Nxe5 Bxe5 25. Rac1 Rc8 26. Qd3 Bc6 27. a4 d4 28.
Ne2 Qd6 29. f4 Qd5 30. Rxc6 Rxc6 31. fxe5 Rxe5 32. Qxd4 Qe6 33. Qd8+ Ng8 34.
Qd3 Rd6 35. Qc2 Qxg6 36. Qxg6 Rxg6 37. Bc3 Re3 38. Nf4 Rxe1+ 39. Bxe1 Rf6 40.
Nd5 Re6 41. Bf2 Re4 42. a5 Nf6 43. Nxf6 gxf6 44. Bc5 Kg7 45. Kf2 Kg6 46. Kf3
Re8 47. Kf4 h5 48. h4 f5 49. g3 Re4+ 50. Kf3 Rg4 51. Bd6 Kf6 52. Bc5 Ke6 53.
Bf8 Ke5 54. Bc5 f4 55. gxf4+ Rxf4+ 56. Kg3 Ke4 57. Bf8 Rxf8 0-1